[Event "Match"]
[Site "www.echecsemail.com"]
[Date "2017.12.16"]
[Round "1"]
[White "Bojan"]
[Black "Mitja"]
[WhiteElo "1980"]
[BlackElo "2020"]
[Result "0-1"]
[Round "1"]
1.e4 d5
2.exd5 Qd8xd5
3.Nb1c3 Qd5d8
4.Qd1f3 e6
5.g3 c6
6.a3 h6
7.Bf1g2 g6
8.Ng1e2 Bf8g7
9.O-O Ng8e7
10.d3 Nb8d7
11.Bc1e3 Nd7b6
12.Rf1d1 Nb6d5
13.Be3d2 Nd5xc3
14.Ne2xc3 Ne7f5
15.Ra1b1 Nf5d4
16.Qf3e4 Nd4xc2
17.Nc3e2 Nc2d4
18.Kf1 Nd4xe2
19.Qe4xe2 Qd8c7
20.b4 b5
21.Bd2f4 Qc7d7
22.Rb1c1 Bc8b7
23.Rd1d2 Ra8c8
24.Qe2e3 Bb7a8
25.Rd2c2 h5
26.Qe3e2 O-O
27.Rc2c5 Rf8d8
28.Rc1d1 a6
29.Rc5c2 Qd7e7
30.g4 hxg4
31.Qe2xg4 Rd8d4
32.Qg4g3 Bg7f6
33.Bg2e4 Bf6h4
34.Qg3g2 Bh4f6
35.Bf4e3 Rd4d8
36.Qg2f3 Kg7
37.Be4xc6 Ba8xc6
38.Rc2xc6 Rc8xc6
39.Qf3xc6 Rd8d6
40.Qc6a8 Qe7d7
41.Qa8e4 Bf6b2
42.Ke2 Bb2d4
43.Be3f4 Rd6d5
44.h4 f6
45.Qe4f3 Bd4b2
46.Bf4d2 Qd7c7
47.Qf3f4 Qc7xf4
48.Bd2xf4 Bb2xa3
49.Rd1a1 Ba3xb4
50.Ra1xa6 e5
51.Ra6a7 Kf8
52.Bf4h6 Ke8
53.Ra7g7 Bb4f8
54.Rg7xg6 Bf8xh6
55.Rg6xh6 Kf7
56.Rh6h7 Kg8
57.Rh7b7 f5
58.Ke3 Kf8
59.h5 Kg8
60.h6 Kh8
61.f3 Kg8
62.f4 exf4
63.Kxf4 Rd5xd3
64.Kg5 Rd3d6
65.h7 Kh8
66.Kxf5 Rd6h6
67.Rb7xb5 Rh6h5
{ resign }
0-1

[Event "Match"]
[Site "www.echecsemail.com"]
[Date "2017.12.16"]
[Round "1"]
[White "Splinter"]
[Black "Billyg"]
[WhiteElo "1499"]
[BlackElo "1770"]
[Result "0-1"]
[Round "1"]
1.d4 d5
2.c4 dxc4
3.Nb1c3 Nb8c6
4.Ng1f3 e5
5.d5 Nc6b4
6.e4 Bc8g4
7.Qd1a4 c6
8.dxc6 bxc6
9.Bf1xc4 Ng8f6
10.Nf3xe5 Ra8c8
11.a3 Qd8d6
 { time }
0-1

[Event "Match"]
[Site "www.echecsemail.com"]
[Date "2017.12.16"]
[Round "1"]
[White "Guidom"]
[Black "Lcbunghai"]
[WhiteElo "2140"]
[BlackElo "1960"]
[Result "0-1"]
[Round "1"]
1.e4 c5
2.Ng1f3 d6
3.d4 cxd4
4.Nf3xd4 Ng8f6
5.Bf1d3 e5
6.Nd4e2 Bf8e7
7.O-O O-O
8.Nb1c3 Nb8d7
9.Bc1g5 Nd7c5
10.Bg5xf6 Be7xf6
11.Nc3d5 a6
12.Kh1 Nc5e6
13.Nd5xf6 Qd8xf6
14.Ne2g3 g6
15.Qd1d2 Ne6f4
16.Qd2e3 Bc8d7
17.f3 Rf8c8
18.Ng3e2 Nf4xe2
19.Qe3xe2 Rc8c7
20.b3 Ra8c8
21.c4 Qf6h4
22.Qe2e3 Kg7
23.g3 Qh4e7
24.Ra1d1 b5
25.Rf1f2 Rc8b8
26.f4 f6
27.Rf2d2 Bd7g4
28.Rd1f1 Bg4h3
29.Rf1f2 h5
30.Rd2c2 Rb8c8
31.cxb5 axb5
32.Qe3c1 Rc7xc2
33.Rf2xc2 Rc8xc2
34.Bd3xc2 Qe7c7
35.Qc1d2 Qc7c5
36.a4 b4
37.Qd2d3 Qc5f2
{ resign }
0-1

[Event "1/64 Finale"]
[Site "www.chess-mail.com"]
[Date "2017.12.16"]
[Round "1"]
[White "Mitja"]
[Black "Emmanuel69"]
[WhiteElo "1990"]
[BlackElo "1970"]
[Result "1/2-1/2"]
[Round "1"]
1.d4 d5
2.e3 Ng8f6
3.c3 e6
4.h3 Bf8e7
5.b3 O-O
6.Bc1b2 a6
7.Ng1e2 Nb8c6
8.Ne2g3 Rf8e8
9.Bf1d3 h6
10.Bd3c2 Be7d6
11.Nb1d2 Bc8d7
12.Nd2f3 Nc6e7
13.Qd1e2 Bd7b5
14.Bc2d3 Bb5xd3
15.Qe2xd3 Ne7g6
16.c4 c6
17.c5 Bd6e7
18.a3 Be7f8
19.b4 Ra8b8
20.O-O Ng6e7
21.Ng3e2 Nf6e4
22.Ne2c3 Ne4xc3
23.Qd3xc3 g6
24.Rf1e1 Bf8g7
25.Qc3c2 Ne7f5
26.Ra1d1 Qd8e7
27.a4 Qe7d7
28.Nf3e5 Bg7xe5
29.dxe5 Qd7c7
30.a5 Kg7
31.f4 Nf5e7
32.Qc2f2 Rb8d8
33.g4 Qc7c8
34.Kg2 Re8h8
35.Re1h1 h5
36.g5 Ne7f5
37.h4 Nf5e7
38.Rd1d2 Rd8d7
39.Rh1d1 Rh8d8
40.Bb2d4 { draw }
1/2-1/2

[Event "Fast Game"]
[Site "www.echecsemail.com"]
[Date "2017.12.16"]
[Round "1"]
[White "Pangloss"]
[Black "Pariolinius"]
[WhiteElo "1599"]
[BlackElo "1899"]
[Result "1-0"]
[Round "1"]
1.e4 e5
2.Ng1f3 Nb8c6
3.Bf1c4 Bf8e7
4.O-O Ng8f6
5.Nb1c3 d6
6.d4 Bc8g4
7.dxe5 Nc6xe5
8.Nf3xe5 Bg4xd1
9.Ne5xf7 Qd8c8
10.Rf1xd1 Rh8f8
11.Nf7g5 Qc8d7
12.Ng5e6 Rf8g8
13.e5 Nf6g4
14.exd6 Be7xd6
15.Bc1f4 Qd7c6
16.Bf4xd6 cxd6
17.Bc4b5 { resign }
1-0

[Event "Tourn. n9614"]
[Site "www.chess-mail.com"]
[Date "2017.12.17"]
[Round "1"]
[White "Johnmcbride"]
[Black "Bojan"]
[WhiteElo "2040"]
[BlackElo "2020"]
[Result "1-0"]
[Round "1"]
1.e4 e5
2.Nb1c3 Ng8f6
3.d4 Bf8b4
4.a3 Bb4a5
5.b4 exd4
6.Qd1xd4 Ba5b6
7.Qd4e5 Qd8e7
8.Qe5xe7 Kxe7
9.e5 Nf6e8
10.Nc3d5 Kd8
11.c4 Bb6d4
12.Ra1a2 c6
13.Ng1f3 Bd4xf2
14.Kxf2 cxd5
15.Nf3g5 Ke7
16.cxd5 f6
17.d6 Kf8
18.exf6 gxf6
19.Ng5e4 b6
20.Bc1h6 Kf7
21.g4 Bc8b7
22.Bf1d3 Nb8c6
23.Rh1c1 Nc6e5
24.Ke2 Bb7d5
25.Ra2d2 Ne5xg4
26.Bh6f4 Rh8g8
27.h3 Ng4e5
28.Bf4xe5 fxe5
29.Rc1f1 Kg7
30.Rf1g1 Kh8
31.Rg1xg8 Kxg8
32.Ne4g5 Ne8f6
33.Ng5xh7 Kg7
34.Nh7xf6 Kxf6
35.Bd3b5 Ke6
36.Bb5xd7 Kxd6
37.b5 Kc5
38.Rd2xd5 Kxd5
39.Bd7c6 Kc5
40.Bc6xa8 Kxb5
41.Ke3 Ka4
42.h4 Kxa3
43.h5 b5
44.h6 { resign }
1-0

[Event "Tourn. n9660"]
[Site "www.chess-mail.com"]
[Date "2017.12.17"]
[Round "1"]
[White "Fantomas"]
[Black "Mitja"]
[WhiteElo "2220"]
[BlackElo "2060"]
[Result "1-0"]
[Round "1"]
1.e4 d5
2.exd5 Qd8xd5
3.Nb1c3 Qd5d8
4.d4 e6
5.a3 c6
6.Ng1f3 h6
7.Bf1d3 Ng8f6
8.O-O Bf8d6
9.Rf1e1 Bd6c7
10.Nc3e4 Nf6xe4
11.Bd3xe4 Nb8d7
12.c3 Nd7f6
13.Be4c2 b6
14.Bc1d2 Bc8b7
15.Ra1c1 Qd8d6
16.Nf3e5 O-O-O
17.g3 Rd8f8
18.Bc2b3 g5
19.Ne5xf7 Rf8xf7
20.Bb3xe6 Kb8
21.Be6xf7 Rh8f8
22.Re1e6 Qd6d7
23.Re6xf6 Rf8xf7
24.Rf6xf7 Qd7xf7
25.Qd1e2 c5
26.Rc1e1 Qf7d5
27.Qe2e8 Bb7c8
28.Qe8e4 Qd5b3
29.Qe4b1 a5
30.Re1e8 cxd4
31.cxd4 Kb7
32.Qb1e4 Kb8
33.Qe4f5 Qb3d1
34.Bd2e1 Qd1xd4
35.Qf5xc8 { resign }
1-0

[Event "Tourn. n9637"]
[Site "www.chess-mail.com"]
[Date "2017.12.17"]
[Round "1"]
[White "Aperturaf"]
[Black "Coolant"]
[WhiteElo "2620"]
[BlackElo "2340"]
[Result "1-0"]
[Round "1"]
1.e4 e6
2.d4 d5
3.e5 c5
4.c3 Qd8b6
5.Ng1f3 Nb8c6
6.a3 a5
7.Bf1d3 f6
8.O-O Bc8d7
9.Nb1d2 cxd4
10.cxd4 f5
11.Rf1e1 Nc6xd4
12.Nf3xd4 Qb6xd4
13.Nd2b3 Qd4h4
14.Bc1e3 f4
15.g3 Qh4h3
16.Be3xf4 Ng8h6
17.Bd3f1 Qh3f5
18.Bf4xh6 gxh6
19.Nb3d4 Qf5f7
20.Bf1e2 Qf7g7
21.Ra1c1 b6
22.Be2b5 Bf8c5
23.Nd4xe6 { resign }
1-0

[Event "Tourn. n9600"]
[Site "www.chess-mail.com"]
[Date "2017.12.17"]
[Round "1"]
[White "Szustan"]
[Black "Gvladutz"]
[WhiteElo "2510"]
[BlackElo "2560"]
[Result "1/2-1/2"]
[Round "1"]
1.e4 c5
2.c3 Ng8f6
3.e5 Nf6d5
4.d4 cxd4
5.Ng1f3 Nb8c6
6.Bf1c4 Nd5b6
7.Bc4b3 d6
8.exd6 Qd8xd6
9.O-O Bc8e6
10.Nf3xd4 Nc6xd4
11.cxd4 Be6xb3
12.Qd1xb3 e6
13.Nb1c3 Qd6b4
14.d5 Qb4xb3
15.axb3 Nb6xd5
16.Nc3xd5 exd5
17.Rf1d1 a6
18.Rd1xd5 Ra8d8
19.Rd5xd8 Kxd8
20.Bc1g5 f6
21.Ra1d1 Ke8
22.Bg5e3 Bf8e7
23.f4 Rh8f8
24.f5 Be7d8
25.Kf2 Rf8f7
26.Kf3 Rf7d7
27.Rd1xd7 Kxd7
28.Ke4 Bd8c7
29.h3 Kc6
30.Be3d4 Bc7g3
31.b4 Bg3d6
32.Bd4c3 b6
33.g4 h6
34.Bc3d2 Bd6g3
35.b3 Bg3d6
36.Bd2c3 Bd6e7
37.b5 axb5
38.b4 Be7d6
39.Bc3d2 Bd6g3
40.Bd2c3 { draw }
1/2-1/2

[Event "Tourn. n9635"]
[Site "www.chess-mail.com"]
[Date "2017.12.17"]
[Round "1"]
[White "Dussek"]
[Black "Osopanda"]
[WhiteElo "1880"]
[BlackElo "1800"]
[Result "1-0"]
[Round "1"]
1.e4 e5
2.d4 exd4
3.Qd1xd4 Ng8f6
4.Nb1c3 Nb8c6
5.Qd4d1 Bf8b4
6.Bf1d3 d5
7.exd5 Nf6xd5
8.Bc1d2 Nd5xc3
9.bxc3 Bb4d6
{ time. }
1-0

[Event "Tourn. n9572"]
[Site "www.chess-mail.com"]
[Date "2017.12.17"]
[Round "1"]
[White "Piriot"]
[Black "Coolant"]
[WhiteElo "2480"]
[BlackElo "2330"]
[Result "1-0"]
[Round "1"]
1.Ng1f3 e6
2.d4 c5
3.c4 cxd4
4.Nf3xd4 Qd8b6
5.Nb1c3 Bf8c5
6.e3 Nb8c6
7.Nd4b5 a6
8.Nc3a4 Bc5b4
9.Bc1d2 Qb6a5
10.Bd2xb4 Qa5xb4
11.Nb5c3 Ng8f6
12.a3 Qb4e7
13.c5 O-O
14.Na4b6 Ra8b8
15.Qd1d6 Rf8d8
16.Qd6xe7 Nc6xe7
17.O-O-O Kf8
18.e4 Ne7g6
19.Rd1d6 Ke7
20.Bf1c4 Nf6e8
21.Rd6d2 d6
22.Rh1d1 Ng6e5
23.Bc4b3 Ne5c6
24.f4 dxc5
25.Rd2xd8 Nc6xd8
26.Nc3a4 Ne8d6
27.Na4xc5 Nd8c6
28.Bb3a4 Nc6a7
29.b4 Na7b5
30.e5 Nd6f5
31.Ba4xb5 axb5
32.Rd1d3 { resign }
1-0

[Event "Tourn. n9651"]
[Site "www.chess-mail.com"]
[Date "2017.12.17"]
[Round "1"]
[White "Picifarkinca"]
[Black "Begory"]
[WhiteElo "1650"]
[BlackElo "1570"]
[Result "1-0"]
[Round "1"]
1.d4 d5
2.c4 Ng8f6
3.cxd5 Qd8xd5
4.Nb1c3 Qd5d8
5.e4 e6
6.Ng1f3 Bf8b4
7.Bf1b5 c6
8.Bb5d3 c5
9.O-O cxd4
10.Nf3xd4 Qd8xd4
11.Bd3b5 Bc8d7
12.Qd1xd4 Bd7xb5
13.Nc3xb5 Nb8a6
14.Bc1g5 O-O
15.Bg5xf6 gxf6
16.Qd4xf6 Ra8d8
17.Nb5d4 Bb4e7
18.Qf6xe7 Rd8xd4
19.Qe7xb7 Na6c5
20.Qb7xa7 Rf8c8
21.Ra1d1 Rd4a4
22.Qa7xa4 { resign }
1-0

[Event "Tourn. n9594"]
[Site "www.chess-mail.com"]
[Date "2017.12.17"]
[Round "1"]
[White "Norlavuaram"]
[Black "Churrasca"]
[WhiteElo "2120"]
[BlackElo "2050"]
[Result "0-1"]
[Round "1"]
1.e4 c5
2.Ng1f3 d6
3.d4 cxd4
4.Nf3xd4 Ng8f6
5.Bf1d3 Nb8c6
6.Bc1e3 a6
7.a3 e6
8.c4 Bf8e7
9.Nb1c3 O-O
10.O-O Bc8d7
11.b4 Qd8c7
12.Ra1c1 Nc6e5
13.Bd3e2 Ne5xc4
 { time }
0-1

[Event "Tourn. n9554"]
[Site "www.chess-mail.com"]
[Date "2017.12.17"]
[Round "1"]
[White "Passaroa25"]
[Black "Redapond1"]
[WhiteElo "1680"]
[BlackElo "1640"]
[Result "0-1"]
[Round "1"]
1.e4 e5
2.c3 Bf8c5
3.Qd1e2 Ng8f6
4.f3 O-O
5.d3 d6
6.Bc1e3 Bc5xe3
7.Qe2xe3 Nb8c6
8.Nb1d2 Bc8e6
9.Nd2b3 d5
10.Ng1e2 d4
11.Qe3d2 dxc3
12.bxc3 Be6xb3
13.axb3 Nf6d7
14.Ne2g3 Nd7f6
15.Ng3f5 b5
16.b4 g6
17.Nf5h6 Kg7
18.Bf1e2 a5
19.Nh6g4 Nf6xg4
20.fxg4 a4
21.O-O a3
22.Rf1b1 f5
23.Be2f3 fxe4
24.Bf3xe4 Ra8a6
25.h4 Qd8xh4
26.Be4f3 Nc6d8
27.Qd2e3 Nd8f7
28.Qe3c5 g5
29.Qc5xc7 Ra6h6
30.Ra1xa3 Qh4h1
31.Kf2 Qh1xb1
32.Bf3e2 Rh6f6
33.Kg3 Qb1e1
34.Kh3 Rf6h6

0-1

[Event "Tourn. n9628"]
[Site "www.chess-mail.com"]
[Date "2017.12.17"]
[Round "1"]
[White "Joaodelisboa"]
[Black "Guidom"]
[WhiteElo "2170"]
[BlackElo "2170"]
[Result "1/2-1/2"]
[Round "1"]
1.e4 e5
2.Ng1f3 Nb8c6
3.d4 exd4
4.Nf3xd4 Nc6xd4
5.Qd1xd4 Qd8f6
6.e5 Qf6b6
7.Qd4xb6 axb6
8.Bf1d3 Bf8c5
9.O-O Ng8e7
10.Nb1c3 c6
11.Nc3e4 Bc5d4
12.Ne4d6 Kf8
13.Bd3c4 Bd4xe5
14.Nd6xf7 d5
15.Nf7xe5 dxc4
16.Ne5xc4 b5
17.Nc4b6 Ra8a6
18.Nb6xc8 Ne7xc8
19.Rf1d1 Ke8
20.Bc1g5 Rh8f8
21.Rd1d8 Kf7
22.Rd8xf8 Kxf8
23.f3 Nc8d6
24.b3 Ra6a8
25.Ra1e1 Ra8e8
26.Re1xe8 Nd6xe8
27.Kf2 Kf7
28.Ke3 h6
29.Bg5d8 Ne8d6
30.Bd8c7 Nd6f5
31.Ke4 Ke6
32.g4 Nf5e7
33.f4 g6
34.Bc7d8 Ne7c8
35.f5 gxf5
36.gxf5 Kf7
37.Ke5 h5
38.h3 b6
39.Kf4 Ke8
40.Bd8c7 Kd7
41.Bc7e5 Nc8e7
42.Kg5 c5
43.f6 Ne7d5
44.Kg6 Ke6
45.f7 Nd5e7
46.Kg7 Ne7f5
47.Kg6 { draw }
1/2-1/2

[Event "Tourn. n9612"]
[Site "www.chess-mail.com"]
[Date "2017.12.17"]
[Round "1"]
[White "Esperanza"]
[Black "Libiesse"]
[WhiteElo "1940"]
[BlackElo "1890"]
[Result "1-0"]
[Round "1"]
1.d4 d5
2.c4 e6
3.Nb1c3 Ng8f6
4.cxd5 exd5
5.Bc1g5 Bf8b4
6.e3 O-O
7.Bf1d3 Qd8d6
8.Ng1e2 Rf8e8
9.O-O Bc8g4
10.Qd1c2 Bg4xe2
11.Qc2xe2 Bb4xc3
12.bxc3 c5
13.Bg5xf6 Qd6xf6
14.Qe2h5 g6
15.Qh5xd5 Qf6e7
16.Ra1b1 cxd4
17.Rb1xb7 { resign }
1-0

[Event "Match"]
[Site "www.echecsemail.com"]
[Date "2017.12.17"]
[Round "1"]
[White "Apdash"]
[Black "Caspito"]
[WhiteElo "2230"]
[BlackElo "1910"]
[Result "1-0"]
[Round "1"]
1.e4 e5
2.Ng1f3 Nb8c6
3.d4 exd4
4.Nf3xd4 Bf8c5
5.c3 Qd8f6
6.Bc1e3 d6
7.Bf1b5 Bc8d7
8.O-O Ng8e7
9.Nd4xc6 Bd7xc6
10.Bb5xc6 bxc6
11.Be3xc5 dxc5
12.f4 Ra8d8
13.Qd1e2 O-O
14.Nb1d2 Ne7g6
15.Qe2e3 a5
16.Nd2c4 Ng6h4
17.Rf1f2 h6
18.Qe3xc5 Rd8d3
19.Nc4e5 Rd3d6
20.Ra1f1 a4
21.g3 Nh4g6
22.c4 Rf8e8
23.Ne5xg6 Qf6xg6
24.e5 Rd6d3
25.Qc5a5 Rd3d7
26.Qa5xa4 h5
27.Qa4c2 Qg6g4
28.Qc2e2 Qg4h3
29.Qe2f3 Re8e6
30.Rf1d1 Re6e7
31.Rf2d2 Rd7xd2
32.Rd1xd2 Re7e6
33.Qf3e4 Qh3g4
34.Rd2d8 { resign }
1-0

[Event "Match"]
[Site "www.echecsemail.com"]
[Date "2017.12.17"]
[Round "1"]
[White "Tonino1"]
[Black "Numanoid"]
[WhiteElo "2210"]
[BlackElo "2410"]
[Result "0-1"]
[Round "1"]
1.d4 d5
2.f4 Bc8f5
3.e3 e6
4.Bf1d3 Ng8f6
5.Ng1f3 Nb8d7
6.c3 Bf8e7
7.O-O Bf5xd3
8.Qd1xd3 Nf6e4
9.Nb1d2 f5
10.Nf3e5 O-O
11.Nd2f3 Nd7f6
12.Bc1d2 c5
13.Bd2e1 Qd8b6
14.b3 cxd4
15.exd4 Ra8c8
16.Ra1c1 Rc8c7
17.Be1h4 Rf8c8
18.c4 Qb6a6
19.c5 Qa6xd3
20.Ne5xd3 b6
21.cxb6 axb6
22.Nf3e5 Be7a3
23.Rc1xc7 Rc8xc7
24.Rf1a1 Rc7c2
25.Bh4e1 Ne4c3
26.Be1xc3 Rc2xc3
27.h3 Rc3c2
28.Kf1 Nf6e4
29.Ne5f3 h6
30.Nd3e1 Rc2c3
31.Ke2 Kf8
32.Nf3e5 Ke7
33.Ne5d3 g5
34.Ra1b1 Rc3c8
35.Rb1a1 gxf4
36.Nd3xf4 Ba3b2
37.Ra1b1 Ne4c3
 { time }
0-1

[Event "Match"]
[Site "www.echecsemail.com"]
[Date "2017.12.17"]
[Round "1"]
[White "Ssharp"]
[Black "Mitja"]
[WhiteElo "2240"]
[BlackElo "1950"]
[Result "1/2-1/2"]
[Round "1"]
1.e4 d5
2.exd5 Qd8xd5
3.Nb1c3 Qd5d8
4.d4 e6
5.Ng1f3 h6
6.Bf1d3 c6
7.O-O Bf8e7
8.Rf1e1 Ng8f6
9.Nc3e4 Nf6xe4
10.Bd3xe4 Nb8d7
11.c4 Nd7f6
12.Be4d3 b6
13.h3 Bc8b7
14.Bc1f4 Nf6h5
15.Bf4e5 Nh5f6
16.Qd1e2 Be7b4
17.Re1d1 Bb4e7
18.d5 cxd5
19.Be5xf6 Be7xf6
20.cxd5 Bb7xd5
21.Bd3b5 Kf8
22.Bb5c6 Ra8c8
23.Bc6xd5 exd5
24.Rd1d2 g6
25.Ra1d1 Kg7
26.Rd2xd5 Qd8e7
27.Qe2xe7 Bf6xe7
28.Rd5d7 Be7f6
29.b3 a5
30.Rd7b7 Rh8d8
31.Rd1xd8 Bf6xd8
32.Nf3d4 Rc8c7
33.Rb7xc7 Bd8xc7
34.Kf1 Kf6
35.Ke2 Ke5
36.Kd3 Kd5
37.a4 Bc7d8
38.f4 f5
39.g4 fxg4
40.hxg4 h5
41.f5 gxf5
42.gxh5 f4
43.h6 Bd8f6
44.Nd4f3 Bf6h8
45.Nf3g5 Bh8f6
46.h7 Ke5
47.h8Q Bf6xh8
48.Ng5f7 Kd5
49.Nf7xh8 f3
50.Nh8g6 f2
51.Ke2 Kd4
52.Ng6f4 Kc3
53.Nf4d5 Kxb3
54.Nd5xb6 Kb4
55.Kxf2 Kc5
56.Ke3 Kxb6
57.Kd4 Kc6
58.Kc4 Kb6
59.Kd5 Ka6
60.Kc6 Ka7
61.Kb5 Kb7
62.Kxa5 Ka7
63.Kb5 Kb7
{ draw }
1/2-1/2

[Event "Match"]
[Site "www.echecsemail.com"]
[Date "2017.12.17"]
[Round "1"]
[White "Whitekknight"]
[Black "Llord"]
[WhiteElo "1930"]
[BlackElo "1950"]
[Result "1-0"]
[Round "1"]
1.e4 e5
2.Ng1f3 Nb8c6
3.Bf1c4 Ng8f6
4.Nb1c3 Bf8c5
5.O-O O-O
6.a3 Nc6e7
7.Nf3xe5 d5
8.exd5 Ne7xd5
9.Nc3xd5 Nf6xd5
10.Qd1f3 Bc8e6
11.Ne5d3 Bc5b6
12.Nd3f4 Nd5xf4
13.Qf3xf4 c6
14.Bc4xe6 fxe6
15.Qf4g3 Bb6c7
16.Qg3h3 Qd8f6
17.c3 Bc7b6
18.d4 c5
19.Bc1e3 cxd4
20.cxd4 Ra8d8
21.Ra1d1 Rf8f7
22.Rd1d2 Rf7d7
23.Qh3g4 Bb6xd4
24.Be3g5 Qf6g6
25.h3 Bd4b6
26.Rd2xd7 Rd8xd7
27.Rf1e1 Bb6c7
28.g3 Bc7b6
29.Re1xe6 Qg6f7
30.Re6e2 Rd7d1
31.Kg2 Qf7d5
32.Qg4e4 Qd5d7
33.Qe4c4 Kf8
34.Qc4f4 Qd7f7
35.Qf4b8 { resign }
1-0

[Event "Match"]
[Site "www.echecsemail.com"]
[Date "2017.12.17"]
[Round "1"]
[White "Karlgrocer"]
[Black "Apdash"]
[WhiteElo "2020"]
[BlackElo "2250"]
[Result "0-1"]
[Round "1"]
1.d4 d5
2.Ng1f3 Ng8f6
3.e3 Nb8c6
4.Bf1e2 Bc8g4
5.O-O e6
6.Nb1d2 Bf8d6
7.c4 dxc4
8.Nd2xc4 Bd6e7
9.Nf3e5 Bg4xe2
10.Qd1xe2 Nc6xe5
11.Nc4xe5 c5
12.dxc5 Be7xc5
 { time }
0-1

[Event "Match"]
[Site "www.echecsemail.com"]
[Date "2017.12.17"]
[Round "1"]
[White "Gidi5"]
[Black "Guidom"]
[WhiteElo "2360"]
[BlackElo "2180"]
[Result "1-0"]
[Round "1"]
1.e4 e5
2.Ng1f3 Nb8c6
3.Bf1c4 d6
4.h3 Bf8e7
5.O-O Ng8f6
6.Nb1c3 O-O
7.d3 h6
8.Bc1e3 Bc8e6
9.Bc4xe6 fxe6
10.Qd1d2 Qd8d7
11.Ra1d1 Ra8d8
12.Qd2e2 Nf6h7
13.Nf3h2 Nc6d4
14.Qe2d2 Be7g5
15.Be3xg5 Nh7xg5
16.Nc3e2 c5
17.Ne2xd4 cxd4
18.h4 Ng5h7
19.Nh2g4 Qd7e7
20.g3 Rf8f3
21.Ng4h2 Rf3f7
22.Qd2e2 Rd8f8
23.Qe2g4 Nh7f6
24.Qg4h3 b5
25.g4 Nf6d7
26.f3 Rf7f4
27.Rd1d2 a5
28.Rd2g2 Qe7f7
29.g5 h5
30.g6 Qf7f6
31.Rg2g5 Nd7c5
32.Qh3g3 d5
33.Rg5xh5 dxe4
34.Nh2g4 Rf4xg4
35.Qg3xg4 e3
36.Rh5h8 Kxh8
37.Qg4h5 { resign }
1-0

[Event "Match"]
[Site "www.echecsemail.com"]
[Date "2017.12.17"]
[Round "1"]
[White "Pangloss"]
[Black "Pinehill"]
[WhiteElo "1809"]
[BlackElo "2070"]
[Result "1-0"]
[Round "1"]
1.e4 d5
2.exd5 Ng8f6
3.d4 Qd8xd5
4.Nb1c3 Qd5a5
5.Ng1f3 c6
6.Bf1c4 Bc8f5
7.O-O e6
8.Nf3h4 Bf5g4
9.f3 Bg4h5
10.g4 Bh5g6
11.f4 h5
12.f5 exf5
13.Qd1e2 Bf8e7
14.g5 Nf6d5
15.Nh4xg6 fxg6
16.Qe2e6 Rh8f8
17.Qe6c8 Kf7
18.Qc8xb7 Nb8a6
19.Qb7xc6 Na6b4
20.Nc3xd5 Nb4xc6
21.Nd5f6 { resign }
1-0

[Event "Match"]
[Site "www.echecsemail.com"]
[Date "2017.12.17"]
[Round "1"]
[White "Paco"]
[Black "Juodivarnai"]
[WhiteElo "2000"]
[BlackElo "2000"]
[Result "1-0"]
[Round "1"]
1.e4 c5
2.Bf1c4 e6
3.Ng1f3 Ng8f6
4.e5 d5
5.Bc4b5 Nf6d7
6.d4 a6
7.Bb5a4 b5
8.dxc5 bxa4
9.Bc1g5 Qd8a5
10.Nb1c3 Nd7xc5
11.a3 Bf8e7
12.Bg5xe7 Kxe7
13.O-O Bc8b7
14.Qd1d2 Nb8d7
15.Nc3xd5 Bb7xd5
16.Qd2xa5 { resign }
1-0

[Event "Match"]
[Site "www.echecsemail.com"]
[Date "2017.12.17"]
[Round "1"]
[White "Begory"]
[Black "Splinter"]
[WhiteElo "1500"]
[BlackElo "1499"]
[Result "1-0"]
[Round "1"]
1.d4 Ng8f6
2.Bc1f4 e6
3.Nb1c3 Bf8b4
4.Qd1d2 Nf6e4
5.Qd2e3 Bb4xc3
6.bxc3 d5
7.Ng1f3 c5
8.dxc5 Qd8a5
9.g3 Nb8c6
10.O-O-O Qa5xa2
11.Nf3d2 Qa2a3
12.Kb1 Ne4xc3
13.Qe3xc3  { time }
1-0

[Event "1/64 Finale"]
[Site "www.chess-mail.com"]
[Date "2017.12.17"]
[Round "1"]
[White "Panham"]
[Black "Guidom"]
[WhiteElo "2210"]
[BlackElo "2170"]
[Result "1-0"]
[Round "1"]
1.e4 e5
2.Ng1f3 Nb8c6
3.Bf1b5 a6
4.Bb5xc6 dxc6
5.d4 exd4
6.Qd1xd4 Qd8xd4
7.Nf3xd4 Bf8c5
8.Bc1e3 Bc5xd4
9.Be3xd4 f6
10.Nb1c3 Ng8e7
11.Bd4c5 Bc8e6
12.a4 b6
13.Bc5xe7 Kxe7
14.Ra1d1 Ra8d8
15.Ke2 a5
16.Ke3 h5
17.h4 g6
18.Nc3e2 c5
19.Ne2f4 Be6f7
20.Rd1d3 Rd8xd3
21.Kxd3 Rh8d8
22.Kc3 Rd8d4
23.Rh1e1 Rd4xa4
24.f3 Ra4d4
25.b3 c6
26.Re1e2 Bf7e8
27.Re2d2 Rd4xd2
28.Kxd2 g5
29.hxg5 fxg5
30.Nf4d3 Ke6
31.Ke3 Be8d7
32.f4 g4
33.f5 Kf6
34.Kf4 Bd7e8
35.e5 Ke7
36.Kg5 Be8f7
37.Nd3f4 b5
38.f6 Kf8
39.e6 a4
40.Nf4g6 Kg8
41.exf7 Kxf7
42.Ng6e5 Kf8
43.Kg6 a3
44.Ne5d7 Ke8
45.f7 Kxd7
46.f8Q b4
47.Qf8xc5 { resign }
1-0

[Event "1/32 Finale"]
[Site "www.chess-mail.com"]
[Date "2017.12.17"]
[Round "1"]
[White "Asoka"]
[Black "Tobernor"]
[WhiteElo "2700"]
[BlackElo "2049"]
[Result "1/2-1/2"]
[Round "1"]
1.c4 Ng8f6
2.d4 e6
3.Nb1c3 d5
4.Bc1g5 Bf8e7
5.e3 O-O
6.Ng1f3 Nb8d7
7.cxd5 Nf6xd5
8.Bg5xe7 Qd8xe7
9.Nc3xd5 exd5
10.Qd1c2 Nd7f6
11.Bf1d3 c6
12.O-O Nf6e4
13.a4 Bc8f5
14.h3 Rf8e8
15.a5 a6
16.Nf3e5 f6
17.Ne5f3 Ra8d8
18.Rf1c1 Qe7f7
19.Nf3e1 { draw }
1/2-1/2

[Event "Fast Game"]
[Site "www.echecsemail.com"]
[Date "2017.12.17"]
[Round "1"]
[White "Sahlapalat"]
[Black "Rosario"]
[WhiteElo "1599"]
[BlackElo "1599"]
[Result "1-0"]
[Round "1"]
1.e4 e5
2.Ng1f3 Nb8c6
3.Bf1b5 Bf8c5
4.c3 a6
5.Bb5xc6 dxc6
6.Nf3xe5 Ng8h6
7.d4 Bc5d6
8.Bc1xh6 Qd8f6
9.Bh6e3 Bd6xe5
10.dxe5 Qf6xe5
11.Qd1d4 Qe5xd4
12.Be3xd4 O-O
13.Nb1d2 b5
14.O-O Bc8e6
15.Rf1e1 Ra8d8
16.Nd2f3 f6
17.Bd4c5 Rf8e8
18.Nf3d4 Be6d7
19.Ra1d1 h6
20.f3  { time }
1-0

[Event "Tourn. n9535"]
[Site "www.chess-mail.com"]
[Date "2017.12.18"]
[Round "1"]
[White "Coolant"]
[Black "Faerieking"]
[WhiteElo "2320"]
[BlackElo "2250"]
[Result "1-0"]
[Round "1"]
1.e4 d5
2.exd5 Ng8f6
3.d4 Bc8g4
4.Bf1b5 Nb8d7
5.Bb5e2 Bg4xe2
6.Ng1xe2 Nf6xd5
7.c4 Nd5f6
8.Qd1b3 Ra8b8
9.O-O e6
10.Nb1c3 a6
11.a4 Bf8e7
12.Bc1f4 O-O
13.Ra1d1 Be7d6
14.c5 Bd6xf4
15.Ne2xf4 Rf8e8
16.Nf4d3 Qd8e7
17.Rf1e1 Qe7d8
18.Qb3c4 Nd7f8
19.Re1e2 Nf6d5
20.Rd1e1 Nd5xc3
21.bxc3 Nf8g6
22.g3 Qd8d7
23.a5 Rb8d8
24.Nd3b4 c6
25.Nb4d3 Qd7d5
26.Qc4xd5 Rd8xd5
27.Re2b2 Re8e7
28.f4 f6
29.Re1b1 Rd5d7
30.Kf2 e5
31.f5 Ng6f8
32.Rb2b4 exd4
33.cxd4 g6
34.fxg6  { time }
1-0

[Event "Tourn. n9541"]
[Site "www.chess-mail.com"]
[Date "2017.12.18"]
[Round "1"]
[White "Falcoale"]
[Black "Estonia"]
[WhiteElo "1970"]
[BlackElo "1990"]
[Result "0-1"]
[Round "1"]
1.e4 c5
2.Ng1f3 d6
3.d4 cxd4
4.Nf3xd4 Ng8f6
5.Bf1d3 Nb8c6
6.Nd4b3 g6
7.O-O Bf8g7
8.a3 O-O
9.Bc1e3 Bc8d7
10.c3 Qd8c7
11.Nb1d2 a6
12.Nd2f3 b5
13.Ra1c1 Bd7g4
14.h3 Bg4d7
15.Be3f4 Nf6h5
16.Bf4h2 Bg7h6
17.Rc1c2 e5
18.Nb3c1 Bh6f4
19.Nc1e2 Bf4xh2
20.Nf3xh2 Qc7b6
21.Ne2c1 Nc6e7
22.Nh2g4 Bd7xg4
23.Qd1xg4 Ra8a7
24.Nc1e2 d5
25.Kh1 Nh5g7
26.f4 dxe4
27.Bd3xe4 f5
28.Be4xf5 Rf8xf5
29.Ne2g3 Rf5xf4
30.Rf1xf4 exf4
31.Ng3e2 Ng7h5
32.Ne2xf4 Nh5xf4
33.Qg4xf4 Ne7f5
34.Rc2f2 Ra7e7
35.g4 Qb6b7
36.Kh2 Re7f7
37.gxf5 Rf7xf5
38.Qf4e3 Qb7f7
39.Rf2xf5 Qf7xf5
40.Qe3e8 Kg7
41.Qe8e7 Qf5f7
42.Qe7e5 Kh6
43.Kg3 Qf7d7
44.Qe5f4 Kg7
45.Qf4d4 Qd7xd4
46.cxd4 Kf6
47.Kf4 h6
48.Ke4 Ke6
49.b3 a5
50.d5 Kd6
51.Kd4 g5
52.Ke4 a4
53.b4 h5
54.Kf5 g4
55.hxg4 hxg4
56.Kxg4 Kxd5
{ resign }
0-1

[Event "Tourn. n9636"]
[Site "www.chess-mail.com"]
[Date "2017.12.18"]
[Round "1"]
[White "Bojan"]
[Black "Prize64"]
[WhiteElo "2010"]
[BlackElo "2110"]
[Result "0-1"]
[Round "1"]
1.e4 e6
2.d4 d5
3.e5 c5
4.Ng1f3 cxd4
5.Nf3xd4 Nb8c6
6.c3 Nc6xe5
7.Qd1a4 Bc8d7
8.Bf1b5 Ng8f6
9.O-O a6
10.Bb5xd7 Ne5xd7
11.Bc1g5 Bf8e7
12.Nb1d2 O-O
13.Nd4f3 Nd7c5
14.Qa4d4 Nc5e4
15.Ra1d1 Ne4xg5
16.Nf3xg5 Ra8c8
17.Ng5f3 Be7c5
18.Qd4h4 Qd8b6
19.b4 Bc5e7
20.Rd1c1 Qb6c7
21.a3 Nf6e4
22.Qh4h3 Ne4xc3
23.Rf1e1 Nc3e2
24.Kf1 Ne2xc1
{ resign }
0-1

[Event "Tourn. n9623"]
[Site "www.chess-mail.com"]
[Date "2017.12.18"]
[Round "1"]
[White "Pachi"]
[Black "Mozgegorov"]
[WhiteElo "1630"]
[BlackElo "1729"]
[Result "0-1"]
[Round "1"]
1.e4 e5
2.Ng1f3 Nb8c6
3.Bf1b5 d6
4.Bb5xc6 bxc6
5.O-O Bc8a6
6.d3 h6
7.g4 Bf8e7
8.h4 Qd8d7
9.Nf3h2 Be7xh4
10.f4 exf4
11.Rf1xf4 g5
12.Rf4f5 Ng8e7
13.Rf5f6 Bh4g3
14.Qd1f3 Bg3xh2
15.Kxh2 Ne7g6
16.Qf3f1 Ng6e5
17.Nb1c3 Qd7xg4
18.Bc1e3 Qg4d7
19.Qf1f2 Ne5g4
{ resign }
0-1